书目信息 |
| 题名: |
经济型轿车电路图集
|
|
| 作者: | 邵恩坡 主编 | |
| 分册: | ||
| 出版信息: | 北京 金盾出版社 2014 |
|
| 页数: | 401页 | |
| 开本: | 26cm | |
| 丛书名: | ||
| 单 册: | ||
| 中图分类: | U469.110.2 | |
| 科图分类: | ||
| 主题词: | 轿车--电路图 , 轿车 , 电路图 | |
| 电子资源: | ||
| ISBN: | 978-7-5082-8522-1 | |
| 000 | 00809nam0 2200253 450 | |
| 001 | 012015000175 | |
| 005 | 20151130144609.79 | |
| 010 | @a978-7-5082-8522-1@dCNY66.00 | |
| 100 | @a20140429d2014 em y0chiy50 ea | |
| 101 | 0 | @achi |
| 102 | @aCN@b110000 | |
| 105 | @ay z 000yy | |
| 106 | @ar | |
| 200 | 1 | @a经济型轿车电路图集@Ajing ji xing jiao che dian lu tu ji@f邵恩坡主编 |
| 210 | @a北京@c金盾出版社@d2014 | |
| 215 | @a401页@d26cm | |
| 330 | @a本书内容分为两部分:第一部分介绍了识读汽车电路图的基本知识,第二部分介绍了中国目前市场上常见的、社会拥有量较大的经济型轿车的电路图。 | |
| 606 | 0 | @a轿车@x电路图 |
| 606 | 0 | @a轿车 |
| 606 | 0 | @a电路图 |
| 690 | @aU469.110.2@v5 | |
| 701 | 0 | @a邵恩坡@Ashao en po@f(1959.9~)@4主编 |
| 801 | 0 | @aCN@b碧洲教育@c20151127 |
| 905 | @a10447@f3@dU469.110.2@e276 | |
| 经济型轿车电路图集/邵恩坡主编.-北京:金盾出版社,2014 |
| 401页;26cm |
| ISBN 978-7-5082-8522-1:CNY66.00 |
| 本书内容分为两部分:第一部分介绍了识读汽车电路图的基本知识,第二部分介绍了中国目前市场上常见的、社会拥有量较大的经济型轿车的电路图。 |
| ● |
| 相关链接 |
|
|
|
|
正题名:经济型轿车电路图集
索取号:U469.110.2/276
 
预约/预借
| 序号 | 登录号 | 条形码 | 馆藏地/架位号 | 状态 | 备注 |
| 1 | 0871516 | 208715167 | 第二样本阅览室/ [索取号:U469.110.2/276] | 在馆 | |
| 2 | 0871517 | 208715176 | 第三借阅区/ [索取号:U469.110.2/276] | 在馆 | |
| 3 | 0871518 | 208715185 | 第三借阅区/ [索取号:U469.110.2/276] | 在馆 |